00724nam a2200277Ia 4500001000700000003000500007008004100012010001100053040000900064082001100073100002700084245005100111260003900162300001100201440003800212500000500250503000500255650003000260901001100290902000600301910000900307942000600316942000700322999001900329952009800348Z_3249CHAP220113s1999 xx 000 0 und d a166357 cCHAP a860 S4 aSerna, Enrique9140439 aEl miedo a los animales /cpor Enrique Serna aMéxico, D. F. :bPlaneta,c1999 a269 p. aNarrativa actual mexicana9139932 a a aLiteratura mexicana I. t. a860 S4 aA a1999 c1 cc1 c166357d166357 00102ddc40708GRALaZbZc3d2005-11-09pz_3682r2022-01-18 00:00:00t1w2022-01-18yLIBRO